Journey to Easter (Record no. 120051)
[ view plain ]
| 000 -LEADER | |
|---|---|
| fixed length control field | 00680nam a22001817a 4500 |
| 008 - FIXED-LENGTH DATA ELEMENTS--GENERAL INFORMATION | |
| fixed length control field | 140212b xxu||||| |||| 00| 0 eng d |
| 050 ## - LIBRARY OF CONGRESS CALL NUMBER | |
| Classification number | BX1912.5.R3813 1987 |
| 100 ## - MAIN ENTRY--PERSONAL NAME | |
| Personal name | Ratzinger, Joseph |
| 9 (RLIN) | 8634 |
| 245 ## - TITLE STATEMENT | |
| Title | Journey to Easter |
| Remainder of title | Spiritual reflections for the lenten season / |
| Statement of responsibility, etc | Joseph Ratzinger |
| 260 ## - PUBLICATION, DISTRIBUTION, ETC. (IMPRINT) | |
| Place of publication, distribution, etc | New York |
| Name of publisher, distributor, etc | The Crossroad Publishing Company |
| Date of publication, distribution, etc | 1997 |
| 300 ## - PHYSICAL DESCRIPTION | |
| Extent | 182p. ;21cm. |
| 650 ## - SUBJECT ADDED ENTRY--TOPICAL TERM | |
| Topical term or geographic name as entry element | Jesus Christ-Meditations |
| 9 (RLIN) | 8635 |
| 650 ## - SUBJECT ADDED ENTRY--TOPICAL TERM | |
| Topical term or geographic name as entry element | Paschal mystery-meditation |
| 9 (RLIN) | 8636 |
| 650 ## - SUBJECT ADDED ENTRY--TOPICAL TERM | |
| Topical term or geographic name as entry element | lent -meditations |
| 9 (RLIN) | 8637 |
| 650 ## - SUBJECT ADDED ENTRY--TOPICAL TERM | |
| Topical term or geographic name as entry element | Catholic Church-Clergy-Religious life |
| 9 (RLIN) | 8638 |
| 650 ## - SUBJECT ADDED ENTRY--TOPICAL TERM | |
| Topical term or geographic name as entry element | Spiritual retreats for clergy-Catholic Church |
| 9 (RLIN) | 8639 |
| 942 ## - ADDED ENTRY ELEMENTS (KOHA) | |
| Source of classification or shelving scheme | Library of Congress Classification |
| Item type | Monograph ( Printed materials) |
| Withdrawn status | Lost status | Source of classification or shelving scheme | Damaged status | Not for loan | Home library | Current library | Shelving location | Date acquired | Total Checkouts | Full call number | Barcode | Date last seen | Price effective from | Koha item type |
|---|---|---|---|---|---|---|---|---|---|---|---|---|---|---|
| Library of Congress Classification | ARRUPE LIBRARY | ARRUPE LIBRARY | Main Collection | 12/02/2014 | BX1912.5.R3813 1987 | 46410492 | 22/11/2017 | 12/02/2014 | Monograph ( Printed materials) |